MARC

LEADER 00000nam^a2200000^a^4500
001 000592510
005 20250526000000.0
009 20260310132948.815
020 |a 978-2-07-288967-7 
037 |a Acervo ITESO - Biblioteca 
041 |a FRA 
082 |a 701. 06  |b KAF BAR 
100 |a Kafka, Franz  |e (autor) 
240 1 4 |a [La metamorfosis, de Kafka] 
245 1 0 |a La métamorphose /  |c F. Kafka ; obras originales de Miquel Barceló ; tr. por Jean-Pierre Lefebvre. 
264 4 |a París, Francia :  |b Gallimard,  |c 2020, c2020 
300 |a 142, [18] p. +  |e 1 separador ;  |c 32.0 cm. (gran formato) 
336 |a texto  |b txt  |2 rdacontenido 
337 |a sin mediación  |b n  |2 rdamedio 
338 |a volumen  |b nc  |2 rdasoporte 
500 |a Traducción de: Die Verwandlung 
521 |a FIL 2024 DIA 
545 0 |a Franz Kafka, escritor checo de lengua alemana, nació en 1883 en Praga en el seno de una familia judía y falleció, tras una existencia marcada por la angustia, en 1924 cerca de Viena, Austria. Kafka ya había proyectado en 1907 su novela Escenas de boda en el campo, de la que se conservan las páginas iniciales, pero se dio a conocer hasta 1913 con la colección de prosas Consideraciones y publicó en 1916 La metamorfosis, su obra más famosa. Kafka completó o bosquejó sus obras más importantes en los años 1910-1920, pero no quiso publicarlas y en su testamento pidió que fueran destruidas. Contra la voluntad del autor, su amigo Max Brod se encargó de sacarlas a la luz: los cuentos La condena (1916), En la colonia penitenciaria (1919) y El médico rural (1919), la colección La muralla china (1918) y las novelas inacabadas América (iniciada en 1910, editada en 1927), El proceso (1914-1915, publicada en 1924) y El castillo (1922, editada en 1926). En conjunto, la obra kafkiana es uno de los legados más importantes de las letras mundiales del siglo XX, que ha contado con admiradores excepcionales como el escritor argentino Jorge Luis Borges y cuya influencia se extiende a diversas expresiones artísticas, además de la literatura. 
586 |a Premio Príncipe de Asturias de las Artes 2003 
649 |a XX 
650 |a Escritores Checos 
650 |a Pintores Baleares 
650 |a Pintores Españoles 
650 |a Artistas Checos 
650 |a Artistas Baleares 
650 |a Artistas Españoles 
650 |a Libros de Artista 
650 |a Novela Checa 
650 |a Pintura y Literatura 
650 |a Literatura en Alemán -  |z Checoslovaquia 
650 |a Literatura Checa -  |y Siglo XX 
650 |a Neoexpresionismo -  |z Islas Baleares, España 
650 |a Neoexpresionismo -  |z España 
650 |a Pintura (Tendencias Recientes) -  |z Islas Baleares, España 
650 |a Pintura (Tendencias Recientes) -  |z España 
650 |a Pintura Española -  |y Siglo XXI 
650 |a Arte (Tendencias Recientes) -  |z Islas Baleares, España 
650 |a Arte (Tendencias Recientes) -  |z España 
650 |a Arte Balear -  |y Siglo XXI 
650 |a Arte Español -  |y Siglo XXI 
650 |a Kafka, Franz -  |x Tema Principal 
650 |a Barceló, Miquel -  |x Tema Principal 
700 |a Barceló, Miquel  |e (pintor) 
910 |a Fondo General 
920 |a Impresos - Libros 
930 |a Libros Antiguos y Raros 
905 |a 108 
901 |a 592510-10  |b IT2  |c LRA  |i C188042  |u 20250526 
901 |a 592510-20  |b IT2  |c LRA  |i C  |u 20250526 
902 |a https://opac.biblio.iteso.mx/vufind/Record/000592510